[Event "Magyar Korcsoportos Bajnokság lány14"]
[Site "Eger"]
[Date "2022.07.26"]
[Round "4.3"]
[White "Toth, Timea"]
[Black "Beznicza, Mira"]
[Result "0-1"]
[WhiteElo "1426"]
[BlackElo "1608"]
[PlyCount "84"]
[EventDate "2022.07.23"]
[EventType "tourn"]
[EventRounds "9"]
[EventCountry "HUN"]

1. e4 e6 2. d4 d5 3. Nd2 h6 4. e5 c5 5. c3 cxd4 6. cxd4 a5 7. a3 Qb6 8. Ngf3
Nc6 9. Qb3 Qxb3 10. Nxb3 a4 11. Nbd2 Bd7 12. Rb1 g5 13. h3 f6 14. g3 fxe5 15.
Nxe5 Nxd4 16. Bd3 Ne7 17. b3 Bg7 18. Nxd7 Kxd7 19. bxa4 Ra7 20. O-O e5 21. f3
h5 22. Re1 Rf8 23. Kg2 Rc8 24. Bb5+ Nxb5 25. axb5 Nf5 26. g4 hxg4 27. hxg4 Nd4
28. b6 Ra6 29. Bb2 Rc2 30. Bxd4 Rxd2+ 31. Bf2 Rxa3 32. Rbc1 Raa2 33. Rc7+ Kd8
34. Rf1 Bf8 35. Rxb7 Bc5 36. Rb8+ Kd7 37. Rb7+ Kd6 38. Rg7 Bxf2 39. Rxf2 Rxf2+
40. Kg1 Rg2+ 41. Kh1 Rgb2 42. b7 Rb1# 0-1

[Event "Magyar Korcsoportos Bajnokság lány14"]
[Site "Eger"]
[Date "2022.07.27"]
[Round "5.4"]
[White "Eros, Vivien"]
[Black "Toth, Timea"]
[Result "1-0"]
[WhiteElo "1599"]
[BlackElo "1426"]
[PlyCount "95"]
[EventDate "2022.07.23"]
[EventType "tourn"]
[EventRounds "9"]
[EventCountry "HUN"]

1. d4 Nf6 2. c4 g6 3. Nc3 Bg7 4. Nf3 O-O 5. Bg5 d6 6. e3 Nbd7 7. Be2 c5 8. O-O
b6 9. Qc2 Bb7 10. Rfd1 a6 11. a4 Qc7 12. Rab1 Rfc8 13. b3 Rab8 14. d5 Re8 15.
Qd2 Bc8 16. e4 Ng4 17. h3 Nge5 18. Nxe5 Nxe5 19. Bh6 f5 20. Bxg7 Kxg7 21. f4
Nf7 22. Qb2 Kg8 23. g4 Nh6 24. gxf5 gxf5 25. Bh5 Rf8 26. Kh1 fxe4 27. Rg1+ Ng4
28. Ne2 e5 29. dxe6 Bxe6 30. Rxg4+ Bxg4 31. Rg1 Rf7 32. Bxf7+ Kxf7 33. Rxg4 Rg8
34. Rxg8 Kxg8 35. Nc3 e3 36. Qg2+ Kf8 37. Qe4 h5 38. Qf5+ Kg8 39. Qe6+ Kg7 40.
Qxe3 Qb7+ 41. Nd5 Kh8 42. Qe8+ Kg7 43. Qxh5 b5 44. Qg5+ Kf8 45. axb5 axb5 46.
Qd8+ Kf7 47. Qc7+ Qxc7 48. Nxc7 1-0

[Event "Magyar Korcsoportos Bajnokság lány14"]
[Site "Eger"]
[Date "2022.07.28"]
[Round "6.2"]
[White "Toth, Timea"]
[Black "Szarvas, Nora Orsolya"]
[Result "1/2-1/2"]
[WhiteElo "1426"]
[BlackElo "1692"]
[PlyCount "103"]
[EventDate "2022.07.23"]
[EventType "tourn"]
[EventRounds "9"]
[EventCountry "HUN"]

1. e4 c5 2. c3 Nf6 3. e5 Nd5 4. d4 cxd4 5. Qxd4 e6 6. Bc4 Nc6 7. Qe4 Nb6 8. Bb3
d6 9. exd6 Bxd6 10. Nf3 h6 11. O-O Qe7 12. Rd1 Bc7 13. Qh4 Qxh4 14. Nxh4 Bd7
15. Nf3 Rd8 16. Be3 Na5 17. Bc2 Nac4 18. Bxb6 Nxb6 19. b3 Ke7 20. Nbd2 Nd5 21.
c4 Nf6 22. Re1 Ba5 23. Re2 Bc6 24. h3 Rd7 25. a3 Bc3 26. Rb1 Rhd8 27. Ne4 Nxe4
28. Bxe4 Rd1+ 29. Rxd1 Rxd1+ 30. Kh2 Bxe4 31. Rxe4 Bb2 32. a4 Rd3 33. Re3 Rxe3
34. fxe3 Bc1 35. e4 Kd6 36. b4 Ba3 37. e5+ Kc7 38. Nd4 Bxb4 39. Nb5+ Kb6 40.
Kg3 f6 41. Kf4 Bd2+ 42. Ke4 a6 43. Nd4 fxe5 44. Nxe6 Ka5 45. Nc5 Kb6 46. Nd7+
Kc6 47. Nxe5+ Kc5 48. Kd3 Bg5 49. Nd7+ Kd6 50. Nb6 Kc5 51. Nd7+ Kd6 52. Nb6
1/2-1/2

[Event "Magyar Korcsoportos Bajnokság lány14"]
[Site "Eger"]
[Date "2022.07.29"]
[Round "7.5"]
[White "Balazs, Sztella Anna"]
[Black "Toth, Timea"]
[Result "1-0"]
[WhiteElo "1663"]
[BlackElo "1426"]
[PlyCount "71"]
[EventDate "2022.07.23"]
[EventType "tourn"]
[EventRounds "9"]
[EventCountry "HUN"]

1. e4 c5 2. Nf3 Nc6 3. d4 cxd4 4. Nxd4 g6 5. c4 Bg7 6. Nc2 e6 7. Be2 Nge7 8.
O-O O-O 9. Nc3 b6 10. Be3 Rb8 11. Qd2 Bb7 12. Rfd1 Bc8 13. Rab1 a6 14. Qd6 Be5
15. Qd2 Bg7 16. a4 Qc7 17. c5 bxc5 18. Bxc5 Qb7 19. b4 Re8 20. b5 axb5 21. axb5
Nd8 22. Bf3 d5 23. exd5 Bxc3 24. Qxc3 exd5 25. Bd6 Ra8 26. Bxe7 Qxe7 27. Bxd5
Rb8 28. Re1 Ne6 29. Nd4 Qf6 30. Qc4 Nf4 31. Rxe8+ Kg7 32. Rxc8 Rxc8 33. Qxc8
Nxd5 34. Ne2 Qe5 35. Qc4 Nb6 36. Qd4 1-0

[Event "Magyar Korcsoportos Bajnokság lány14"]
[Site "Eger"]
[Date "2022.07.30"]
[Round "8.1"]
[White "Lazsadi, Kerka Lilla"]
[Black "Toth, Timea"]
[Result "1-0"]
[WhiteElo "1674"]
[BlackElo "1426"]
[PlyCount "111"]
[EventDate "2022.07.23"]
[EventType "tourn"]
[EventRounds "9"]
[EventCountry "HUN"]

1. d4 Nf6 2. Nc3 g6 3. e4 d6 4. f3 Bg7 5. Be3 O-O 6. Qd2 e5 7. d5 a6 8. O-O-O
Nbd7 9. Bh6 Qe8 10. h4 Bxh6 11. Qxh6 Nh5 12. Nce2 Ndf6 13. g4 Nf4 14. Nxf4 exf4
15. Qxf4 Kg7 16. h5 Qe5 17. Qd2 g5 18. h6+ Kh8 19. Nh3 Rg8 20. Nf2 Rg6 21. Nd3
Qe7 22. Qc3 Kg8 23. Ne1 Kf8 24. Bd3 Ng8 25. e5 Rxh6 26. Rxh6 Nxh6 27. exd6 Qxd6
28. Qh8+ Ke7 29. Qxh7 Bd7 30. Ng2 Ng8 31. Re1+ Kf8 32. Qh8 Qf6 33. Qxf6 Nxf6
34. Re5 Kg7 35. Rxg5+ Kh6 36. Re5 Re8 37. Rxe8 Bxe8 38. c4 Nd7 39. f4 f6 40.
Kd2 Nc5 41. Bc2 Bg6 42. Bxg6 Kxg6 43. Nh4+ Kh6 44. Ke3 a5 45. Nf5+ Kg6 46. Nd4
Kf7 47. Ne6 Nxe6 48. dxe6+ Kxe6 49. Ke4 c6 50. c5 Kf7 51. Kf5 a4 52. a3 Ke7 53.
g5 fxg5 54. fxg5 Kf7 55. g6+ Kg7 56. Kg5 1-0

[Event "Magyar Korcsoportos Bajnokság lány14"]
[Site "Eger"]
[Date "2022.07.31"]
[Round "9.5"]
[White "Toth, Timea"]
[Black "Kovacs, Reka"]
[Result "1/2-1/2"]
[WhiteElo "1426"]
[BlackElo "1716"]
[PlyCount "84"]
[EventDate "2022.07.23"]
[EventType "tourn"]
[EventRounds "9"]
[EventCountry "HUN"]

1. e4 c5 2. c3 d5 3. exd5 Qxd5 4. d4 cxd4 5. cxd4 Nc6 6. Nf3 e5 7. Nc3 Bb4 8.
a3 Bxc3+ 9. bxc3 exd4 10. cxd4 Bg4 11. Be2 Nge7 12. O-O O-O 13. Be3 Rfd8 14.
Qd2 Qd7 15. Rfd1 Nd5 16. Rac1 Qd6 17. Qd3 Bh5 18. Ra1 Bg6 19. Qd2 Nf6 20. Bd3
Be4 21. Be2 Nd5 22. Ng5 Bg6 23. Nf3 Rac8 24. Bd3 Bxd3 25. Qxd3 Qg6 26. Qxg6
hxg6 27. Rd3 Nce7 28. h3 Nf5 29. Re1 Rc3 30. Rxc3 Nxc3 31. g4 Nd6 32. Kf1 Nd5
33. Rc1 Nxe3+ 34. fxe3 Kf8 35. Ne5 Ke7 36. Rc7+ Ke6 37. a4 Rc8 38. Rxc8 Nxc8
39. Ke2 Ne7 40. Kd3 f6 41. Nc4 Nd5 42. Nd2 g5 1/2-1/2

[Event "Magyar Korcsoportos Bajnokság lány16"]
[Site "Eger"]
[Date "2022.07.23"]
[Round "1.2"]
[White "Karacsonyi, Kata"]
[Black "Harkai, Emma"]
[Result "1-0"]
[WhiteElo "2147"]
[BlackElo "1761"]
[PlyCount "53"]
[EventDate "2022.07.23"]
[EventType "tourn"]
[EventRounds "10"]
[EventCountry "HUN"]

1. e4 e5 2. Nf3 Nc6 3. Bb5 a6 4. Ba4 Nf6 5. O-O b5 6. Bb3 Be7 7. d3 O-O 8. a4
Bb7 9. c3 d6 10. Nbd2 h6 11. Re1 Re8 12. Nf1 Bf8 13. Ng3 Na5 14. Bc2 g6 15. h4
h5 16. b4 Nc6 17. Bb3 Bg7 18. Qc2 Qe7 19. Ng5 Rf8 20. Nf1 Rab8 21. Nh2 Nd8 22.
d4 exd4 23. cxd4 Nc6 24. Nhf3 Ng4 25. e5 dxe5 26. Qxg6 Nxb4 27. Qh7# 1-0

[Event "Magyar Korcsoportos Bajnokság lány16"]
[Site "Eger"]
[Date "2022.07.24"]
[Round "2.3"]
[White "Kovacs, Veronika"]
[Black "Karacsonyi, Kata"]
[Result "0-1"]
[WhiteElo "1633"]
[BlackElo "2147"]
[PlyCount "46"]
[EventDate "2022.07.23"]
[EventType "tourn"]
[EventRounds "10"]
[EventCountry "HUN"]

1. Nf3 c5 2. c4 Nc6 3. g3 g6 4. Bg2 Bg7 5. Nc3 e5 6. O-O d6 7. d3 Nge7 8. a3
O-O 9. Rb1 a5 10. Bd2 h6 11. Qa4 Be6 12. Rfc1 f5 13. Ne1 f4 14. Nd5 Nd4 15. Qd1
Nxd5 16. cxd5 Bg4 17. f3 Bd7 18. b3 a4 19. b4 b6 20. gxf4 exf4 21. Bc3 Rf5 22.
bxc5 dxc5 23. Ba1 Rh5 0-1

[Event "Magyar Korcsoportos Bajnokság lány16"]
[Site "Eger"]
[Date "2022.07.25"]
[Round "3.1"]
[White "Karacsonyi, Kata"]
[Black "Bodo, Boglarka"]
[Result "1/2-1/2"]
[WhiteElo "2147"]
[BlackElo "1722"]
[PlyCount "71"]
[EventDate "2022.07.23"]
[EventType "tourn"]
[EventRounds "10"]
[EventCountry "HUN"]

1. e4 e5 2. Nf3 Nf6 3. d4 Nxe4 4. Bd3 d5 5. dxe5 Be7 6. O-O O-O 7. c4 c6 8. Qc2
f5 9. exf6 Nxf6 10. Bg5 h6 11. Bh4 Be6 12. Ne5 dxc4 13. Bxc4 Bxc4 14. Qxc4+ Qd5
15. Nd2 Bd8 16. Ng6 Re8 17. Rae1 Nbd7 18. Rxe8+ Nxe8 19. Ne7+ Bxe7 20. Bxe7
Nef6 21. Bb4 Re8 22. Qb3 Re2 23. Bc3 Nc5 24. Qd1 Re6 25. Nf3 Nce4 26. Qxd5 Nxd5
27. Nd4 Re8 28. Be1 Nf4 29. f3 Nc5 30. Bg3 Ne2+ 31. Nxe2 Rxe2 32. Rf2 Re1+ 33.
Rf1 Re2 34. Rf2 Re1+ 35. Rf1 Re2 36. Rf2 1/2-1/2

[Event "Magyar Korcsoportos Bajnokság lány16"]
[Site "Eger"]
[Date "2022.07.26"]
[Round "4.2"]
[White "Sipos, Stefania"]
[Black "Karacsonyi, Kata"]
[Result "0-1"]
[WhiteElo "1802"]
[BlackElo "2147"]
[PlyCount "72"]
[EventDate "2022.07.23"]
[EventType "tourn"]
[EventRounds "10"]
[EventCountry "HUN"]

1. e4 c5 2. Nf3 d6 3. Bb5+ Bd7 4. Bxd7+ Qxd7 5. O-O Nc6 6. c3 g6 7. d4 cxd4 8.
cxd4 Bg7 9. Nc3 Nf6 10. Re1 O-O 11. d5 Na5 12. Bg5 h6 13. Bh4 Ng4 14. Rc1 Rac8
15. Qa4 Qxa4 16. Nxa4 g5 17. Bg3 Nc4 18. b3 Nce5 19. Nxe5 Nxe5 20. Nb2 Nf3+ 21.
gxf3 Bxb2 22. Rc4 b5 23. Rc6 Rxc6 24. dxc6 e5 25. Re2 Ba3 26. h4 f6 27. Rc2 Rc8
28. hxg5 hxg5 29. Kg2 Bc5 30. Kh3 Kf7 31. Kg4 Kg6 32. b4 Bxb4 33. Rb2 Bc5 34.
Rxb5 Bb6 35. a4 Rxc6 36. a5 Rc5 0-1

[Event "Magyar Korcsoportos Bajnokság lány16"]
[Site "Eger"]
[Date "2022.07.26"]
[Round "5.1"]
[White "Bodo, Boglarka"]
[Black "Harkai, Emma"]
[Result "1/2-1/2"]
[WhiteElo "1722"]
[BlackElo "1761"]
[PlyCount "171"]
[EventDate "2022.07.23"]
[EventType "tourn"]
[EventRounds "10"]
[EventCountry "HUN"]

1. e4 e6 2. d4 d5 3. exd5 exd5 4. Nf3 Bd6 5. Bd3 Nc6 6. O-O Nge7 7. c3 Bg4 8.
h3 Bh5 9. Re1 Qd7 10. b4 O-O 11. Be3 Rfe8 12. Nbd2 Bg6 13. Bb5 f6 14. Qb3 a6
15. Bxc6 Qxc6 16. Rac1 Bf7 17. Re2 Qd7 18. Qb2 Nf5 19. Rce1 c6 20. Nb3 b6 21.
Qd2 Qc7 22. Nc1 Re4 23. Nd3 a5 24. g4 Nxe3 25. Rxe3 Rxe3 26. Rxe3 axb4 27. cxb4
Qa7 28. Qc3 Be8 29. Re2 Kf8 30. Nh4 g6 31. Qd2 Kg7 32. g5 Qf7 33. Nf3 Bd7 34.
Kg2 fxg5 35. Nxg5 Qf5 36. Ne5 Bxb4 37. Qxb4 Qxg5+ 38. Kh2 Rd8 39. Qxb6 Qf4+ 40.
Kg2 Qg5+ 41. Kh2 Qe7 42. Nxd7 Qxd7 43. Qc5 Kf7 44. Qc1 Qd6+ 45. Kg2 Rc8 46. Qh6
Kg8 47. Qg5 Rf8 48. Re7 Rf5 49. Qe3 Qf6 50. Rc7 Qd6 51. Qe8+ Rf8 52. Qxc6 Qxc6
53. Rxc6 Ra8 54. Rc5 Rxa2 55. Rxd5 Ra4 56. Kg3 Kf7 57. Kf4 Ke6 58. Ke4 Ra1 59.
Re5+ Kd6 60. Kf4 Rd1 61. Re4 Kd5 62. f3 h6 63. Ke3 g5 64. Re5+ Kd6 65. Ra5 Re1+
66. Kd2 Rb1 67. Ra6+ Kd5 68. Rxh6 Kxd4 69. h4 gxh4 70. Rxh4+ Ke5 71. Rc4 Kf5
72. Ke2 Rb2+ 73. Ke3 Rb5 74. Kf2 Ra5 75. Kg3 Rb5 76. Rh4 Kg5 77. f4+ Kf6 78.
Kg4 Rb1 79. Rh6+ Kg7 80. Rd6 Rb5 81. Re6 Kf7 82. Re5 Rb1 83. Kf5 Rh1 84. Kg5
Rg1+ 85. Kf5 Rh1 86. Kg5 1/2-1/2

[Event "Magyar Korcsoportos Bajnokság lány16"]
[Site "Eger"]
[Date "2022.07.26"]
[Round "5.2"]
[White "Kovacs, Veronika"]
[Black "Sipos, Stefania"]
[Result "0-1"]
[WhiteElo "1633"]
[BlackElo "1802"]
[PlyCount "92"]
[EventDate "2022.07.23"]
[EventType "tourn"]
[EventRounds "10"]
[EventCountry "HUN"]

1. c4 b6 2. Nf3 Bb7 3. g3 Bxf3 4. exf3 c5 5. Bg2 Nc6 6. O-O Nf6 7. Nc3 g6 8. d3
Bg7 9. Be3 O-O 10. Qd2 e6 11. Bg5 d6 12. Ne4 d5 13. Nxf6+ Bxf6 14. f4 Bxg5 15.
fxg5 Rc8 16. Rad1 Qd6 17. f4 Nd4 18. Qe3 Nf5 19. Qf3 d4 20. Rfe1 Ne3 21. Rd2
Qd7 22. b3 Rfe8 23. Rf2 b5 24. Qb7 Qxb7 25. Bxb7 Rc7 26. Ba6 bxc4 27. Bxc4 Rb8
28. Rc1 a5 29. Re2 Ra7 30. Kf2 Kf8 31. Rb2 Ke7 32. a4 Kd6 33. Bb5 Nd5 34. Rbc2
Rc7 35. Kf3 Nb4 36. Rd2 Re7 37. Re2 Nd5 38. Rec2 Rc8 39. Ba6 Rcc7 40. Bc4 Ne3
41. Rb2 e5 42. Re1 Rc8 43. Bb5 Rf8 44. g4 f5 45. fxe5+ Rxe5 46. Kg3 fxg4 0-1

[Event "Magyar Korcsoportos Bajnokság lány16"]
[Site "Eger"]
[Date "2022.07.26"]
[Round "5.3"]
[White "Karacsonyi, Kata"]
[Black "Buri, Petra Zsuzsanna"]
[Result "1-0"]
[WhiteElo "2147"]
[BlackElo "1784"]
[PlyCount "65"]
[EventDate "2022.07.23"]
[EventType "tourn"]
[EventRounds "10"]
[EventCountry "HUN"]

1. e4 c5 2. Nf3 d6 3. d4 cxd4 4. Nxd4 Nf6 5. Nc3 g6 6. Be3 Bg7 7. f3 O-O 8. Qd2
Nc6 9. O-O-O d5 10. Qe1 e5 11. Nxc6 bxc6 12. exd5 Nxd5 13. Bc4 Be6 14. Kb1
Nxc3+ 15. Qxc3 Qc8 16. h4 h6 17. h5 g5 18. Rd2 Bxc4 19. Qxc4 Qb7 20. Rhd1 Rab8
21. b3 Rbc8 22. Bc5 Rc7 23. Bxf8 Bxf8 24. Rd8 c5 25. Qd5 Qxd5 26. R1xd5 f6 27.
g4 Rc6 28. a4 a6 29. Ra8 Kf7 30. Rd7+ Be7 31. Rh8 Ke6 32. Ra7 c4 33. Re8 1-0

[Event "Magyar Korcsoportos Bajnokság lány16"]
[Site "Eger"]
[Date "2022.07.27"]
[Round "6.2"]
[White "Harkai, Emma"]
[Black "Karacsonyi, Kata"]
[Result "0-1"]
[WhiteElo "1761"]
[BlackElo "2147"]
[PlyCount "170"]
[EventDate "2022.07.23"]
[EventType "tourn"]
[EventRounds "10"]
[EventCountry "HUN"]

1. e4 c5 2. c3 d5 3. exd5 Qxd5 4. d4 g6 5. Be3 cxd4 6. cxd4 Bg7 7. Nc3 Qa5 8.
Nf3 Nh6 9. Bc4 O-O 10. O-O Nf5 11. Qb3 Nc6 12. Rfd1 Qb4 13. Qxb4 Nxb4 14. Rac1
Nd6 15. Bb3 Bg4 16. Nd5 Nxd5 17. Bxd5 e6 18. h3 exd5 19. hxg4 Nc4 20. b3 Nxe3
21. fxe3 Rac8 22. Kf2 b6 23. g5 Rfe8 24. Rh1 Bf8 25. Ke2 Ba3 26. Rxc8 Rxc8 27.
Rf1 Rc2+ 28. Kd3 Rxg2 29. e4 dxe4+ 30. Kxe4 Rxa2 31. Ne5 Rc2 32. Nxf7 Rc7 33.
Nh6+ Kg7 34. Kd3 Bc1 35. Rg1 Bxg5 36. Rxg5 Kxh6 37. Re5 Kg7 38. d5 Kf7 39. Kd4
Re7 40. Rg5 Re1 41. Rg2 Ke7 42. Rh2 Kd6 43. Rxh7 Rd1+ 44. Kc4 Rxd5 45. Rxa7 Kc6
46. Rg7 Rg5 47. Kb4 Rg4+ 48. Ka3 g5 49. Rg6+ Kb5 50. Rg8 Kc5 51. Rc8+ Kd6 52.
Rd8+ Kc7 53. Rg8 b5 54. b4 Rg3+ 55. Kb2 g4 56. Rg5 Kc6 57. Kc2 Rg1 58. Kd2 g3
59. Kc2 Kd6 60. Kb2 Ke6 61. Rxb5 Kf6 62. Rb8 Kf7 63. Rb5 Kf6 64. Rb8 Kg7 65.
Rb5 Kf6 66. Rb8 Kf5 67. Rf8+ Ke4 68. Re8+ Kf3 69. Rf8+ Ke4 70. Re8+ Kf3 71.
Rf8+ Kg2 72. b5 Re1 73. Rf6 Re5 74. b6 Kg1 75. Ka2 g2 76. b7 Ra5+ 77. Kb2 Rb5+
78. Kc2 Rxb7 79. Kd2 Re7 80. Kd1 Re5 81. Rf7 Kh2 82. Rh7+ Kg3 83. Rg7+ Kf3 84.
Rf7+ Kg4 85. Rg7+ Rg5 0-1

[Event "Magyar Korcsoportos Bajnokság lány16"]
[Site "Eger"]
[Date "2022.07.28"]
[Round "7.1"]
[White "Sipos, Stefania"]
[Black "Bodo, Boglarka"]
[Result "1/2-1/2"]
[WhiteElo "1802"]
[BlackElo "1722"]
[PlyCount "85"]
[EventDate "2022.07.23"]
[EventType "tourn"]
[EventRounds "10"]
[EventCountry "HUN"]

1. e4 e5 2. Bc4 Nf6 3. d4 d6 4. dxe5 dxe5 5. Bxf7+ Kxf7 6. Qxd8 Bb4+ 7. Qd2
Bxd2+ 8. Nxd2 Nc6 9. c3 Be6 10. Ne2 Rad8 11. O-O Rd3 12. Ng3 Rhd8 13. Nf3 h6
14. Be3 Bg4 15. Ne1 Rd1 16. Rxd1 Rxd1 17. Nc2 Rd3 18. h3 Be6 19. a3 a5 20. Rc1
Ne8 21. Ne1 Rd8 22. Nf1 Nd6 23. Nd2 Nc4 24. Nxc4 Bxc4 25. Kh2 a4 26. Rc2 Rd1
27. Nf3 Bd3 28. Rd2 Rxd2 29. Nxd2 Ke6 30. Kg3 Na5 31. Kg4 Nc4 32. Nxc4 Bxc4 33.
Kh5 Kf6 34. g3 Bf1 35. g4 Be2 36. f4 exf4 37. Bxf4 c6 38. e5+ Kf7 39. Be3 Bc4
40. Bd4 Be6 41. Kh4 g6 42. Be3 h5 43. gxh5 1/2-1/2

[Event "Magyar Korcsoportos Bajnokság lány16"]
[Site "Eger"]
[Date "2022.07.28"]
[Round "7.3"]
[White "Karacsonyi, Kata"]
[Black "Kovacs, Veronika"]
[Result "1/2-1/2"]
[WhiteElo "2147"]
[BlackElo "1633"]
[PlyCount "77"]
[EventDate "2022.07.23"]
[EventType "tourn"]
[EventRounds "10"]
[EventCountry "HUN"]

1. e4 c6 2. Nf3 d5 3. Nc3 Bg4 4. h3 Bxf3 5. Qxf3 e6 6. Be2 Nf6 7. O-O Nbd7 8.
d4 Nxe4 9. Nxe4 dxe4 10. Qxe4 Nf6 11. Qd3 Be7 12. Bf4 O-O 13. c3 Nd5 14. Be5
Bd6 15. f4 Bxe5 16. fxe5 Qg5 17. Qe4 Qe3+ 18. Qxe3 Nxe3 19. Rf3 Nd5 20. g4 g5
21. h4 h6 22. hxg5 hxg5 23. Rh3 Nf4 24. Rh2 Kg7 25. Kf2 Rh8 26. Rah1 Rxh2+ 27.
Rxh2 Rh8 28. Rxh8 Kxh8 29. Ke3 Kg7 30. Bf3 f6 31. c4 Kf7 32. b4 fxe5 33. dxe5
Ke7 34. a4 Kd7 35. Kd4 b6 36. a5 Kc7 37. axb6+ axb6 38. Ke3 Ng6 39. Kd4 1/2-1/2

[Event "Magyar Korcsoportos Bajnokság lány16"]
[Site "Eger"]
[Date "2022.07.29"]
[Round "8.1"]
[White "Bodo, Boglarka"]
[Black "Karacsonyi, Kata"]
[Result "0-1"]
[WhiteElo "1722"]
[BlackElo "2147"]
[PlyCount "48"]
[EventDate "2022.07.23"]
[EventType "tourn"]
[EventRounds "10"]
[EventCountry "HUN"]

1. g3 c5 2. Bg2 Nc6 3. d3 g6 4. e4 Bg7 5. Ne2 e6 6. f4 Nge7 7. Nd2 d5 8. c3 O-O
9. O-O b6 10. Nf3 Ba6 11. Qc2 dxe4 12. dxe4 Bd3 13. Qd2 Bxe4 14. Qe3 Bd5 15.
Rd1 Qc7 16. b3 Rad8 17. Bb2 c4 18. Ned4 Nxd4 19. Nxd4 Bxg2 20. Kxg2 Rd7 21. Ba3
Nd5 22. Qf3 Rfd8 23. Nb5 Qc6 24. Nd4 Ne3+ 0-1

[Event "Magyar Korcsoportos Bajnokság lány16"]
[Site "Eger"]
[Date "2022.07.29"]
[Round "8.3"]
[White "Harkai, Emma"]
[Black "Sipos, Stefania"]
[Result "1/2-1/2"]
[WhiteElo "1761"]
[BlackElo "1802"]
[PlyCount "77"]
[EventDate "2022.07.23"]
[EventType "tourn"]
[EventRounds "10"]
[EventCountry "HUN"]

1. e4 e5 2. Nf3 d6 3. Bc4 Nf6 4. d3 Be7 5. h3 Nbd7 6. Bxf7+ Kxf7 7. Ng5+ Kg8 8.
Ne6 Qe8 9. Nxc7 Qg6 10. Nxa8 Qxg2 11. Rf1 Nc5 12. Be3 Bxh3 13. Nd2 Ng4 14. Bxc5
dxc5 15. c3 h6 16. Nc7 Nh2 17. Qb3+ Kh7 18. O-O-O Nxf1 19. Nxf1 Qxf2 20. Nd2
Bg5 21. Ne6 Be3 22. Nc7 Bg4 23. Nd5 Bxd1 24. Qxd1 Qxd2+ 25. Qxd2 Bxd2+ 26. Kxd2
h5 27. Ne3 Rf8 28. Ke2 g6 29. b4 cxb4 30. cxb4 Kh6 31. Nc4 Re8 32. Kf3 Kg5 33.
Ne3 Kh4 34. Kg2 g5 35. Nf5+ Kg4 36. Ne3+ Kf4 37. Nd5+ Kg4 38. Ne3+ Kf4 39. Nd5+
1/2-1/2

[Event "Magyar Korcsoportos Bajnokság lány16"]
[Site "Eger"]
[Date "2022.07.30"]
[Round "9.2"]
[White "Karacsonyi, Kata"]
[Black "Sipos, Stefania"]
[Result "1-0"]
[WhiteElo "2147"]
[BlackElo "1802"]
[PlyCount "108"]
[EventDate "2022.07.23"]
[EventType "tourn"]
[EventRounds "10"]
[EventCountry "HUN"]

1. e4 e5 2. Nf3 d6 3. d4 exd4 4. Nxd4 Nf6 5. Nc3 g6 6. Be2 Bg7 7. Be3 O-O 8. f3
d5 9. e5 Nfd7 10. e6 Ne5 11. f4 Nec6 12. exf7+ Rxf7 13. O-O Nxd4 14. Bxd4 c6
15. Kh1 Bf5 16. Bxg7 Kxg7 17. Qd2 Nd7 18. Rae1 Nf6 19. Bd3 Qd7 20. Bxf5 Qxf5
21. Re5 Qd7 22. h3 Re8 23. Qd4 Rfe7 24. Rfe1 b6 25. b4 Re6 26. g4 Kg8 27. f5
Rxe5 28. Rxe5 c5 29. bxc5 bxc5 30. Rxe8+ Nxe8 31. Qxc5 d4 32. Qd5+ Qxd5+ 33.
Nxd5 gxf5 34. Ne7+ Kf7 35. Nxf5 Ke6 36. Nxd4+ Kd5 37. Ne2 Nf6 38. Kg2 Ke4 39.
Kf2 Nd5 40. a3 Nb6 41. Nc3+ Kd4 42. Nb5+ Kc4 43. Nxa7 Kc3 44. Kg3 Kxc2 45. Kh4
Nd5 46. Kg5 Kb3 47. Nb5 Ka4 48. Nd4 Kxa3 49. Kh6 Nf4 50. h4 Ng6 51. Nf5 Ne5 52.
g5 Kb4 53. Kxh7 Kc5 54. g6 Kd5 1-0

[Event "Magyar Korcsoportos Bajnokság lány16"]
[Site "Eger"]
[Date "2022.07.30"]
[Round "9.3"]
[White "Kovacs, Veronika"]
[Black "Harkai, Emma"]
[Result "1-0"]
[WhiteElo "1633"]
[BlackElo "1761"]
[PlyCount "67"]
[EventDate "2022.07.23"]
[EventType "tourn"]
[EventRounds "10"]
[EventCountry "HUN"]

1. c4 e6 2. Nf3 Nf6 3. g3 d5 4. Bg2 c5 5. cxd5 exd5 6. d4 Nc6 7. O-O b6 8. Nc3
h6 9. Ne5 Bb7 10. Qa4 cxd4 11. Nxc6 Qd7 12. Nxd4 Bc5 13. Qxd7+ Kxd7 14. Nb3 Ne4
15. Nxc5+ bxc5 16. Rd1 Ke6 17. Nb5 Ke7 18. Bf4 g5 19. Bxe4 dxe4 20. Bd6+ Kf6
21. Bxc5 Kg6 22. Nxa7 f6 23. Rd6 Rh7 24. Bd4 Rf7 25. Rc1 Kg7 26. a4 h5 27. a5
e3 28. Bxe3 Be4 29. f3 Bg6 30. Nc6 Re8 31. Kf2 g4 32. a6 f5 33. a7 Rff8 34. Nb8
1-0

[Event "Magyar Korcsoportos Bajnokság lány16"]
[Site "Eger"]
[Date "2022.07.31"]
[Round "10.1"]
[White "Harkai, Emma"]
[Black "Bodo, Boglarka"]
[Result "1/2-1/2"]
[WhiteElo "1761"]
[BlackElo "1722"]
[PlyCount "89"]
[EventDate "2022.07.23"]
[EventType "tourn"]
[EventRounds "10"]
[EventCountry "HUN"]

1. e4 e5 2. Nf3 Nf6 3. Nc3 Bb4 4. d3 d5 5. exd5 Nxd5 6. Bd2 Nc6 7. Ne4 Bxd2+ 8.
Nfxd2 Bf5 9. g3 Bxe4 10. Nxe4 Qe7 11. Qd2 Nd4 12. Bg2 c6 13. O-O O-O 14. Rfe1
Rad8 15. c3 Nf5 16. Qe2 Rfe8 17. Rad1 h6 18. Nd2 Nf6 19. Nc4 Nd7 20. Qc2 Nd6
21. Nd2 Qf6 22. b4 Qg6 23. a4 f5 24. Kh1 Nf6 25. Nf3 e4 26. dxe4 Ndxe4 27. Nd4
Qh5 28. h4 Rd7 29. Kg1 Rde7 30. Rf1 Nd5 31. Ne2 Nxf2 32. Rxf2 Rxe2 33. Bxd5+
cxd5 34. Qxf5 Re1+ 35. Rxe1 Rxe1+ 36. Kg2 Qxf5 37. Rxf5 Rd1 38. a5 Rd2+ 39. Rf2
Rd3 40. Rc2 Kf7 41. Rf2+ Ke6 42. Rf3 Rd2+ 43. Rf2 Rd3 44. Rf3 Rd2+ 45. Rf2
1/2-1/2

[Event "Magyar Korcsoportos Bajnokság lány16"]
[Site "Eger"]
[Date "2022.07.31"]
[Round "10.2"]
[White "Sipos, Stefania"]
[Black "Kovacs, Veronika"]
[Result "1-0"]
[WhiteElo "1802"]
[BlackElo "1633"]
[PlyCount "83"]
[EventDate "2022.07.23"]
[EventType "tourn"]
[EventRounds "10"]
[EventCountry "HUN"]

1. e4 c6 2. c4 d5 3. exd5 cxd5 4. cxd5 Nf6 5. Nc3 Nxd5 6. Nf3 Nc6 7. Bb5 e6 8.
d4 Bd7 9. Bd3 Bb4 10. Qc2 Rc8 11. Bd2 Bxc3 12. bxc3 Ncb4 13. Qb1 Nxd3+ 14. Qxd3
Qc7 15. O-O O-O 16. Rac1 Nf4 17. Qe3 Nd5 18. Qg5 h6 19. Qh4 Qd8 20. Qg3 Kh7 21.
Rfe1 Bc6 22. Ne5 Qf6 23. Ng4 Qg6 24. Qh4 f5 25. Ne5 Qf6 26. Qh5 Be8 27. Qe2 g5
28. Nd3 Bb5 29. Rb1 Ba6 30. Qxe6 Qxe6 31. Rxe6 Nxc3 32. Bxc3 Rxc3 33. Nc5 Rc8
34. h3 Ra3 35. Nxa6 bxa6 36. Rb7+ Kg8 37. Rg6+ Kf8 38. Rxh6 Kg8 39. Rxa7 Rxa2
40. Rhxa6 Rc1+ 41. Kh2 Rxf2 42. Rg6+ 1-0

[Event "Magyar Korcsoportos Bajnokság lány16"]
[Site "Eger"]
[Date "2022.07.31"]
[Round "10.3"]
[White "Buri, Petra Zsuzsanna"]
[Black "Karacsonyi, Kata"]
[Result "1/2-1/2"]
[WhiteElo "1784"]
[BlackElo "2147"]
[PlyCount "91"]
[EventDate "2022.07.23"]
[EventType "tourn"]
[EventRounds "10"]
[EventCountry "HUN"]

1. e4 c5 2. Nf3 d6 3. d4 cxd4 4. Nxd4 Nf6 5. Nc3 Nc6 6. f3 e5 7. Nb3 Be7 8. Be3
Be6 9. Qd2 O-O 10. Rd1 a6 11. Bd3 b5 12. O-O b4 13. Nd5 Nxd5 14. exd5 Bxd5 15.
Bxh7+ Kxh7 16. Qxd5 Qc7 17. f4 Kg8 18. f5 Rfd8 19. Nd2 Na7 20. f6 Bxf6 21. Ne4
Qc6 22. Nxf6+ gxf6 23. Qxc6 Nxc6 24. Rxf6 Ne7 25. Bb6 Rdc8 26. Rd2 d5 27. Rdf2
Rab8 28. Rxf7 Rxb6 29. Rxe7 e4 30. Rf5 Rd6 31. Rff7 Rg6 32. Rc7 Rxc7 33. Rxc7
Rd6 34. c3 d4 35. cxd4 Rxd4 36. Rc2 a5 37. Kf2 Rd3 38. Re2 b3 39. a3 Rd4 40.
Ke3 Rc4 41. Rf2 Kg7 42. g4 Kg6 43. h4 a4 44. Rh2 Kh6 45. h5 Rc6 46. Rg2 1/2-1/2